| 000 | 00897cad a22002415a 4500 | ||
|---|---|---|---|
| 001 | L150829 | ||
| 008 | 100907s2010 xxk f 000 0 eng d | ||
| 020 | _a9780080966816 | ||
| 035 | _a(Sirsi) u150829 | ||
| 041 | 0 | _aeng | |
| 050 | 0 | 4 | _a346.4104342 $2 18 |
| 100 | 1 | _aShaw, Keith | |
| 245 | 0 | 0 |
_aVacant possession _blaw and practice _h[electronic resource] |
| 260 |
_aOxford _bEG Books _c2010 |
||
| 300 | _aeBook | ||
| 520 | _aExplains the current law relating to vacant possession, and highlights the issues for lawyers and surveyors. Includes real-life examples and practical strategies for dealing with vacant possession. | ||
| 590 | _aKA | ||
| 650 | 2 | 4 | _aEBOOK |
| 651 | 4 |
_aEngland and Wales _y1543- |
|
| 690 | _aPROPERTY-LEASEHOLD PROPERTY-LANDLORD AND TENANT | ||
| 856 | 4 | 8 |
_uhttps://www.vlebooks.com/ _zView on VLEbooks. Logins for members only from [email protected] |
| 942 | _n0 | ||
| 999 |
_c110997 _d110997 |
||